Statistics for Restaurants By Google Review #1

Click here to take the quiz!

General Stats

  • This quiz has been taken 338 times
  • The average score is 5 of 8

Answer Stats

QuestionAnswer% Correct
This location runs like a well-oiled machine. Came in during lunch rush with a line of people and I was making my order within a few minutes. Friendly staff and a great burrito!Chipotle
91%
I ordered two plain double cheeseburgers and a ten piece chicken nuggets and I go to eat one of the cheeseburgers and there is no burger!!!! Like why is it called a cheeseburger then if theres no burger?????McDonalds
83%
Have it ur way. Unless ur way is delicious. What i get from here is fast and cheap. Chicken fries is it.Burger King
82%
Everything was delicious and service was great. But why did it cost $40 for me and my 3 year old son to have a burger and fries for lunch? Thats absurd.Five Guys
68%
We don't have one near-by so I jumped at the opportunity. Everything was right, hot, and fresh. Like right out of the fryer hot and fresh.Popeye's
45%
So a Jersey boy like me decide to try this place out and I have to say. It sets the bar for amazing fast food. Quality speaks loud and proud here in the south.Whataburger
45%
DAD AN I WERE THERE I HAD LARGE VANILLA ICE CREAM TOPPED WITH PINEAPPLES DAD HAD APPLE TART HE DIDN'T CARE FOR IT LOL BUT WE LOLDairy Queen
28%
The Reese's blizzard is the best,corndogs are really good, some times they run out of the onion rings, they are popular! Good food and service 😌Sonic
10%

Score Distribution

Percentile by Number Answered

Percent of People with Each Score

Your Score History

You have not taken this quiz